Технология машиностроительных материалов: учебное пособие к лабораторным занятиям по обработке металлов резанием

Dettagli Bibliografici
Ente Autore: Ленинградский политехнический институт им. М. И. Калинина (ЛПИ)
Altri autori: Ададуров Б. Б. Борис Борисович, Виноградова З. В., Дыков А. Т., Загрецкий П. П., Заикин Н. Д., Малишевский В. И., Мильская Н. А., Самойлова А. Н., Шатерин М. А.
Lingua:russo
Pubblicazione: Ленинград, Изд-во Ленинградского политехнического ин-та, 1969
Edizione:2-е изд.
Soggetti:
Natura: Libro
KOHA link:https://koha.lib.tpu.ru/cgi-bin/koha/opac-detail.pl?biblionumber=113344

MARC

LEADER 00000nam0a2200000 4500
001 113344
005 20231101215123.0
035 |a (RuTPU)RU\TPU\book\122586 
090 |a 113344 
100 |a 20070410d1969 m y0rusy50 ca 
101 0 |a rus 
102 |a RU 
105 |a a j 000zy 
200 1 |a Технология машиностроительных материалов  |e учебное пособие к лабораторным занятиям по обработке металлов резанием  |f Б. Б. Ададуров [и др.]  |g Ленинградский политехнический институт им. М. И. Калинина (ЛПИ) 
205 |a 2-е изд. 
210 |a Ленинград  |c Изд-во Ленинградского политехнического ин-та  |d 1969 
215 |a 142 с.  |c ил. 
606 1 |a Машиностроительные материалы  |2 stltpush  |3 (RuTPU)RU\TPU\subj\41662  |9 61449 
610 1 |a учебные пособия 
610 1 |a лабораторные работы 
610 1 |a измерения 
610 1 |a углы 
610 1 |a резцы 
610 1 |a токарно-винторезные станки 
610 1 |a устройство 
610 1 |a настройка 
610 1 |a токарно-револьверные автоматы 
610 1 |a токарно-револьверные станки 
610 1 |a радиально-сверлильные станки 
610 1 |a вертикально-фрезерные станки 
610 1 |a фрезерование 
610 1 |a поперечно-строгательные станки 
610 1 |a плоскошлифовальные станки 
610 1 |a зубофрезерные станки 
610 1 |a автоматы 
675 |a 621.002.3(076)  |v 3 
701 1 |a Ададуров  |b Б. Б.  |g Борис Борисович 
701 1 |a Виноградова  |b З. В. 
701 1 |a Дыков  |b А. Т. 
701 1 |a Загрецкий  |b П. П. 
701 1 |a Заикин  |b Н. Д. 
701 1 |a Малишевский  |b В. И. 
701 1 |a Мильская  |b Н. А. 
701 1 |a Самойлова  |b А. Н. 
701 1 |a Шатерин  |b М. А. 
712 0 2 |a Ленинградский политехнический институт им. М. И. Калинина (ЛПИ)  |c (1924-1930, 1940-1990)  |2 stltpush  |3 (RuTPU)RU\TPU\col\2601 
801 1 |a RU  |b 63413507  |c 20070410  |g PSBO 
801 2 |a RU  |b 63413507  |c 20180522  |g PSBO 
942 |c BK